00937nam a22003017a 4500003000900000005001700009008004100026020001800067040002800085041001300113044000700126100004500133245008500178250001200263260004500275300003200320650001700352650000900369650001300378700002700391908000800418930001000426942001300436945002000449980004700469999001700516952010200533AR-RoUNA20251003082959.0251001b |||||||| |||| 00| 0 spa d a9780500410608 aAR-RoUNAbspadAR-RoUNA aengheng aag1 aCartier-Bresson, Henrid1908-200492746810aHenri Cartier-Bresson /cHenri Cartier-Bresson; introduccion por Michael Brenson a1a. ed. aNueva York :bThames & Hudson Ltd,c2006 a71 p.:bfot. byn.c19x13 cm 4aFotografía 4aArte 4aArtistas1 aMichael Brenson927469 aImp e12249 2ddccLIB aMIAd2025-10-01 61aMaricel Allasia83gGermán Grimolizzi c12149d12149 00102cdu405070aAR-RoUNAbAR-RoUNAcSalad2025-10-01eDonl0o77.0 B843p18385tej. 1yLIBx